[Event "Spring Server Series, S10522"]
[Site "CCLA"]
[Date "2021.05.22"]
[Round "?"]
[White "Acosta, Errol"]
[Black "Vance, Taylor"]
[Result "1-0"]
[WhiteElo "1448"]
[BlackElo "1324"]

1. e4 c5 2. f4 d5 3. exd5 Nf6 4. c4 e6 5. Nc3 exd5 6. cxd5 Nxd5 7. Nf3 
Nxc3 8. bxc3 Bg4 9. d3 Qf6 10. Bd2 Bd6 11. Be2 Bxf4 12. O-O g5 13. d4 Nd7 
14. Nxg5 Qxg5 15. Bxf4 Bxe2 16. Qxe2+ Qe7 17. Qb5 O-O-O 18. Rae1 Qf8 19. 
Qa5 1-0

[Event "Spring Server Series, S10522"]
[Site "CCLA"]
[Date "2021.05.22"]
[Round "?"]
[White "Williams, Rufus H."]
[Black "Simonson, Jay"]
[Result "1-0"]
[WhiteElo "1215"]
[BlackElo "1301"]

1. e4 c5 2. c4 Nc6 3. Nc3 g6 4. Nf3 e6 5. d4 Qa5 6. Be2 Bg7 7. O-O d5 8. 
cxd5 exd5 9. Nxd5 Nf6 10. Nxf6+ Bxf6 11. Bh6 cxd4 12. Re1 Bg4 13. a3 O-O-O
14. h3 Bxf3 15. Bxf3 d3 16. Bg4+ Kb8 17. Re3 Be5 18. Rb1 f6 19. g3 d2 20. 
Kg2 Rd6 21. Qb3 Rhd8 22. h4 f5 23. Bf3 R8d7 24. Bg5 Qd8 25. Bxd8 Rxd8 26. 
exf5 Nd4 27. Qxb7# 1-0

[Event "Spring Server Series, S10522"]
[Site "CCLA"]
[Date "2021.05.22"]
[Round "?"]
[White "Williams, Rufus H."]
[Black "Acosta, Errol"]
[Result "0-1"]
[WhiteElo "1215"]
[BlackElo "1448"]

1. e4 e6 2. d4 d5 3. exd5 exd5 4. h3 c6 5. Nf3 g6 6. Be2 Bg7 7. c4 Nf6 8. 
O-O O-O 9. cxd5 cxd5 10. Re1 Nc6 11. Bg5 Qc7 12. Nc3 Bf5 13. Qd2 Ne4 14. 
Qd1 Nxc3 15. bxc3 h6 16. Be3 Kh7 17. Qd2 Rae8 18. Nh4 Bd7 19. Bd3 f5 20. 
Rab1 f4 21. Bxg6+ Kh8 22. Bxe8 fxe3 23. Qxe3 Bxe8 24. a3 Qf7 25. Rf1 b6 
26. Rb2 Qh5 27. g3 Ne7 28. Kg2 Rf7 29. Rbb1 Bd7 30. Rh1 Nf5 31. Nxf5 Qxf5 
32. Rbc1 Bc6 33. Qd2 Qe4+ 34. Kh2 Qf3 35. Rhf1 Bd7 36. Ra1 Qh5 37. h4 Qg4 
38. Rh1 Bf5 39. Rae1 Kh7 40. Qb2 Qh3+ 41. Kg1 Qg4 42. Qa2 Be4 43. Rh2 Qf3 
44. Qb2 Bf8 45. a4 Bd6 46. Qd2 Bxg3 47. fxg3 Qxg3+ 48. Rg2 Bxg2 49. Qxg2 
Qxe1+ 50. Kh2 Qxh4+ 51. Kg1 Rg7 52. Qxg7+ Kxg7 0-1

[Event "Spring Server Series, S10522"]
[Site "CCLA"]
[Date "2021.05.22"]
[Round "?"]
[White "Williams, Rufus H."]
[Black "Vance, Taylor"]
[Result "0-1"]
[WhiteElo "1215"]
[BlackElo "1324"]

1. d4 d5 2. Nf3 Nf6 3. h3 c5 4. c4 cxd4 5. Nxd4 dxc4 6. Nc3 e5 7. Qa4+ Bd7
8. Qxc4 exd4 9. Qxd4 Nc6 10. Qd1 Bb4 11. e3 Ne4 12. Qc2 Nxc3 13. bxc3 Bf5 
14. Qb2 Ba5 15. Bc4 O-O 16. O-O Rb8 17. Bd2 Bc7 18. Rad1 Qd6 19. f4 Qg6 
20. Bd5 Bxh3 21. Rf2 Bg4 22. Re1 Bd8 23. a3 Bh4 24. Ref1 Bxf2+ 25. Rxf2 b6
26. c4 Ne7 27. Bb4 Rfe8 28. e4 Nxd5 29. exd5 Rbc8 30. Qc1 Qd3 31. Rf1 Rxc4
32. Qa1 Qe3+ 33. Kh1 Rxf4 34. d6 Rxf1+ 35. Qxf1 a5 0-1

[Event "Spring Server Series, S10522"]
[Site "CCLA"]
[Date "2021.05.22"]
[Round "?"]
[White "Vance, Taylor"]
[Black "Simonson, Jay"]
[Result "1-0"]
[WhiteElo "1324"]
[BlackElo "1301"]

1. e4 c5 2. Nc3 Nc6 3. Bb5 Nd4 4. Nf3 e6 5. O-O a6 6. Bd3 Nf6 7. e5 Ng4 8.
 Nxd4 Nxe5 9. Nf3 c4 10. Nxe5 cxd3 11. Nxd3 Bd6 12. Qg4 O-O 13. Re1 b5 14.
 a3 Qb6 15. Re3 Bb7 16. b4 g6 17. Ne4 Bxe4 18. Qxe4 Qc7 19. Qd4 Rae8 20. 
Bb2 f6 21. Rf3 Bxh2+ 22. Kh1 Be5 23. Nxe5 Qxe5 24. Qxe5 fxe5 25. Rxf8+ 
Rxf8 26. f3 Rf5 27. Re1 d6 28. Re3 Rh5+ 29. Kg1 Rf5 30. Rc3 Rf4 31. Rc6 e4
32. fxe4 Rxe4 33. Rxd6 Re2 34. Kf1 Re4 35. Rxa6 Rc4 36. Bc3 Rf4+ 37. Kg1 
Re4 38. d3 Re2 39. Bd4 e5 40. a4 exd4 41. axb5 Rxc2 42. b6 Rc8 43. b7 Rb8 
44. Ra8 1-0

[Event "Spring Server Series, S10522"]
[Site "CCLA"]
[Date "2021.05.22"]
[Round "?"]
[White "Vance, Taylor"]
[Black "Acosta, Errol"]
[Result "0-1"]
[WhiteElo "1324"]
[BlackElo "1448"]

1. e4 e6 2. d4 d5 3. e5 c5 4. c3 Nc6 5. Be3 c4 6. b3 Bd7 7. bxc4 dxc4 8. 
Bxc4 g6 9. h4 Bg7 10. Qd2 h5 11. Ne2 Nge7 12. Bg5 O-O 13. Ng3 Qc7 14. Ne4 
Nf5 15. Nf6+ Kh8 16. f3 Nce7 17. Bd3 Bc6 18. g4 Bxf3 19. gxh5 Bxh1 20. 
hxg6 fxg6 21. h5 Bxf6 22. Bxf6+ Rxf6 23. exf6 Nd5 24. hxg6 Qg3+ 25. Qf2 
Qxf2+ 26. Kxf2 Nxf6 27. Nd2 Bc6 28. Bxf5 exf5 29. Rg1 Kg7 30. Nf3 Ne4+ 0-1

[Event "Spring Server Series, S10522"]
[Site "CCLA"]
[Date "2021.05.22"]
[Round "?"]
[White "Vance, Taylor"]
[Black "Williams, Rufus H."]
[Result "1-0"]
[WhiteElo "1324"]
[BlackElo "1215"]

1. e4 e5 2. Nf3 Nc6 3. Bc4 Nf6 4. Ng5 d5 5. exd5 Nd4 6. c3 Ng4 7. d3 Nxf2 
8. Kxf2 Qf6+ 9. Nf3 Nxf3 10. Qxf3 Qxf3+ 11. Kxf3 Bc5 12. Be3 Bxe3 13. Kxe3
O-O 14. Rf1 Kh8 15. d4 exd4+ 16. Kxd4 f6 17. Nd2 b6 18. a4 Bb7 19. a5 a6 
20. axb6 cxb6 21. Rfe1 a5 22. Re7 Ba6 23. Bxa6 Rxa6 24. d6 b5 25. d7 Rd6+ 
26. Kc5 Rxd7 27. Rxd7 Ra8 28. Rxa5 Rc8+ 29. Kd6 1-0

[Event "Spring Server Series, S10523"]
[Site "CCLA"]
[Date "2021.05.22"]
[Round "?"]
[White "Van Tuyl, Mark"]
[Black "Czeizinger, Thomas"]
[Result "1-0"]
[WhiteElo "1234"]
[BlackElo "1321"]

1. e4 e5 2. Nf3 Nc6 3. Bc4 Nf6 4. Ng5 d5 5. exd5 Na5 6. Bb3 h6 7. Nf3 Nxb3
8. axb3 e4 9. Nd4 Bc5 10. c3 Bg4 11. f3 exf3 12. Nxf3 O-O 13. d4 Re8+ 14. 
Kf1 Nxd5 15. h3 Bxf3 16. Qxf3 Re6 17. Kg1 Re1+ 18. Kh2 Bd6+ 19. g3 Re2+ 
20. Qxe2 Qd7 21. Qg4 Qxg4 22. hxg4 g5 23. Ra5 c6 24. c4 Bc7 25. cxd5 Bxa5 
26. dxc6 bxc6 27. Nc3 Rd8 28. Be3 Rb8 29. Na4 Rxb3 30. Bc1 f6 31. Nc5 Rb4 
32. b3 Rxd4 33. Rf1 Bc3 34. Rxf6 Rd1 35. Rxc6 Rxc1 36. Rc8+ Kf7 37. Rc7+ 
Kg8 38. Rxa7 Rc2+ 39. Kh3 Bb4 40. Ra8+ Kf7 41. Ra7+ Kf6 42. Ra6+ Ke7 43. 
Nd3 Bd6 44. Ra7+ Rc7 45. Rxc7+ Bxc7 46. b4 Kd6 47. Nc5 Kc6 48. Ne6 Bb6 49.
 Ng7 Kb5 50. Nf5 Kxb4 51. Nxh6 Be3 52. Nf7 Kc3 53. Kg2 Kd2 54. Kf3 Kd3 55.
 Ne5+ Kd4 56. Nf7 Kd3 57. Ne5+ Kd4 58. Nf7 Kd3 59. Ne5+ Kd2 60. Nc4+ Kd3 
61. Nxe3 Kd2 62. Ke4 Ke2 63. Nd5 Kf2 64. Kf5 Kxg3 65. Kxg5 1-0

[Event "Spring Server Series, S10523"]
[Site "CCLA"]
[Date "2021.05.22"]
[Round "?"]
[White "Van Tuyl, Mark"]
[Black "Ritzmann, Andrew M."]
[Result "1-0"]
[WhiteElo "1234"]
[BlackElo "1203"]

1. e4 c6 2. Nf3 d5 3. exd5 cxd5 4. d4 Nc6 5. Be2 Nf6 6. Nc3 Bg4 7. h3 Bf5 
8. Bd3 Bxd3 9. Qxd3 Qb6 10. O-O g6 11. Na4 Qc7 12. Nc5 e6 13. Bg5 Bg7 14. 
Bxf6 Bxf6 15. Rae1 Nb4 16. Qb5+ Nc6 17. Qxb7 Qxb7 18. Nxb7 Nxd4 19. Nxd4 
Bxd4 20. Nd6+ Kf8 21. c3 Be5 22. Rxe5 Rb8 23. c4 Rxb2 24. Ra1 Kg7 25. cxd5
Kf6 26. Re3 exd5 27. Re8 Rxe8 28. Nxe8+ Ke7 29. Nc7 Kd6 30. Rc1 d4 31. a3 
d3 32. Ne8+ Ke7 33. Nc7 Rc2 34. Nd5+ Kf8 35. Rd1 d2 36. Ne3 Rc1 37. Kh2 
Rxd1 38. Nxd1 Ke7 39. Kg3 a5 40. Kf3 Kd6 41. Ke3 Kc5 42. Kxd2 Kc4 43. Nc3 
Kb3 44. Nb5 a4 45. Kd3 f5 46. f4 h6 47. h4 Ka2 48. Kc3 1-0

[Event "Spring Server Series, S10523"]
[Site "CCLA"]
[Date "2021.05.22"]
[Round "?"]
[White "Czeizinger, Thomas"]
[Black "Van Tuyl, Mark"]
[Result "1-0"]
[WhiteElo "1321"]
[BlackElo "1234"]

1. e4 e5 2. Nf3 Nc6 3. Bb5 a6 4. Ba4 d6 5. c3 Nf6 6. d4 b5 7. Bc2 Be7 8. 
O-O O-O 9. h3 exd4 10. cxd4 Nb4 11. Bb3 Nxe4 12. a3 Nc6 13. Bd5 Bb7 14. 
Bxe4 Na5 15. Nc3 Bxe4 16. Nxe4 Nc4 17. b3 d5 18. Nc3 Nb6 19. a4 b4 20. Ne2
c5 21. dxc5 Bxc5 22. a5 Nd7 23. Qxd5 Re8 24. Bg5 Qc8 25. Rfe1 h6 26. Bh4 
Nf6 27. Bxf6 gxf6 28. Rac1 Bxf2+ 29. Kxf2 Qd8 30. Qxd8 Raxd8 31. Ned4 Rxe1
32. Rxe1 Kg7 33. Nf5+ Kf8 34. Nxh6 Rd3 35. Nf5 Rxb3 36. Rd1 Rb2+ 37. Kg3 
Ra2 38. Rd8# 1-0

[Event "Spring Server Series, S10523"]
[Site "CCLA"]
[Date "2021.05.22"]
[Round "?"]
[White "Czeizinger, Thomas"]
[Black "Ritzmann, Andrew M."]
[Result "1-0"]
[WhiteElo "1321"]
[BlackElo "1203"]

1. e4 e5 2. Nf3 Nc6 3. Bb5 a6 4. Ba4 b5 5. Bb3 Nf6 6. a4 Nxe4 7. axb5 Nb4 
8. d4 d5 9. O-O Bb7 10. c3 Qe7 11. cxb4 Qxb4 12. Nc3 Nxc3 13. bxc3 Qxc3 
14. Bd2 Qd3 15. Nxe5 Qxd4 16. bxa6 Bxa6 17. Ba4+ c6 18. Bxc6+ Ke7 19. Bg5+
1-0

[Event "Spring Server Series, S10523"]
[Site "CCLA"]
[Date "2021.05.22"]
[Round "?"]
[White "Czeizinger, Thomas"]
[Black "Jimenez, Jose"]
[Result "1-0"]
[WhiteElo "1321"]
[BlackElo "1118"]

1. e4 e5 2. Nf3 Nc6 3. Bb5 Bc5 4. c3 a6 5. Ba4 b5 6. Bb3 Qe7 7. d4 d6 8. 
dxc5 dxc5 9. Bd5 Bb7 10. a4 b4 11. cxb4 cxb4 12. O-O O-O-O 13. Qc2 Nf6 14.
 Bxc6 Nd7 15. Be3 Nb6 16. Bxb7+ Kxb7 17. Nbd2 f6 18. Nb3 Kc8 19. Bxb6 g5 
20. Rad1 Kb7 21. Bc5 Qe8 22. Na5+ Kc8 23. Qc4 Qxa4 24. Qxa6+ 1-0

[Event "Spring Server Series, S10523"]
[Site "CCLA"]
[Date "2021.05.22"]
[Round "?"]
[White "Ritzmann, Andrew M."]
[Black "Van Tuyl, Mark"]
[Result "1-0"]
[WhiteElo "1203"]
[BlackElo "1234"]

1. d4 d5 2. Nf3 e6 3. c4 Bb4+ 4. Bd2 Bxd2+ 5. Nbxd2 Nf6 6. Qb3 O-O 7. e3 
dxc4 8. Bxc4 Nc6 9. O-O Na5 10. Qb5 Nxc4 11. Nxc4 c6 12. Qb4 Nd5 13. Qc5 
Ne7 14. Qh5 Qd5 15. Ng5 h6 16. b3 b5 17. Ne5 f6 18. Ngf3 fxe5 19. dxe5 Rf5
20. Qe8+ Rf8 21. Qxe7 Rf7 22. Qe8+ Rf8 23. Qh5 b4 24. Rad1 Rf5 25. Qe8+ 
Rf8 26. Qh5 Qe4 27. Nd2 Qf5 28. Qxf5 Rxf5 29. Nc4 Ba6 30. Rd7 Bxc4 31. 
bxc4 Rxe5 32. Rfd1 Kh7 33. Rf7 Re4 34. Rdd7 Rg4 35. f3 Rg6 36. Rb7 c5 37. 
Rfc7 Kg8 38. Rxc5 a5 39. Rcb5 Rf6 40. c5 Rf7 41. Rb8+ Rxb8 42. Rxb8+ Rf8 
43. Rxf8+ Kxf8 44. c6 Ke8 45. c7 Kd7 46. Kf2 Kxc7 47. Ke2 Kd6 48. Kd3 Kc5 
49. Kc2 Kc4 50. Kb2 a4 51. g4 g5 52. f4 a3+ 53. Kb1 b3 54. f5 Kc3 55. fxe6
bxa2+ 56. Kxa2 1-0

[Event "Spring Server Series, S10523"]
[Site "CCLA"]
[Date "2021.05.22"]
[Round "?"]
[White "Ritzmann, Andrew M."]
[Black "Czeizinger, Thomas"]
[Result "0-1"]
[WhiteElo "1203"]
[BlackElo "1321"]

1. d4 d5 2. Nf3 Bf5 3. c4 e6 4. Bf4 Nf6 5. Nc3 dxc4 6. e4 Nxe4 7. Nxe4 
Bxe4 8. Bxc4 Bb4+ 9. Bd2 Bxf3 10. Qxf3 Bxd2+ 11. Kxd2 Qxd4+ 12. Qd3 Qxf2+ 
13. Qe2 Qxe2+ 14. Kxe2 Nd7 15. Rad1 O-O-O 16. Rhf1 Ne5 17. Rxd8+ Rxd8 18. 
b3 Nxc4 19. bxc4 f5 20. Rf4 g5 21. Rf3 Rd4 22. Rc3 h5 23. Ke3 c5 24. a4 
f4+ 25. Kf2 e5 26. h3 e4 27. a5 e3+ 28. Ke2 Rd2+ 0-1

[Event "Spring Server Series, S10523"]
[Site "CCLA"]
[Date "2021.05.22"]
[Round "?"]
[White "Ritzmann, Andrew M."]
[Black "Jimenez, Jose"]
[Result "1-0"]
[WhiteElo "1203"]
[BlackElo "1118"]

1. d4 d5 2. Nf3 Nf6 3. c4 e6 4. Nc3 Nc6 5. Bg5 h6 6. Bf4 dxc4 7. e3 g5 8. 
Bg3 b6 9. Bxc4 g4 10. Ne5 Bb7 11. Nxg4 h5 12. Nxf6+ Qxf6 13. O-O O-O-O 14.
 Ne4 Qh6 15. Qf3 h4 16. Bf4 Qh5 17. Qxh5 Rxh5 18. Nf6 Rh8 19. h3 Bg7 20. 
Bg5 e5 21. Bxf7 Rdf8 22. Be6+ Kd8 23. Nd7+ Ne7 24. Nxf8 Rxf8 25. Bxh4 Bf6 
26. g3 Bf3 27. Rac1 c6 28. dxe5 Bxe5 29. Bxe7+ Kxe7 30. Bf5 Rxf5 31. g4 
Rg5 32. b4 Bd6 33. a3 a5 34. Rc4 Bd5 35. Rd4 Rg8 36. bxa5 bxa5 37. Rb1 c5 
38. Rxd5 Rh8 39. Rh5 Rxh5 40. gxh5 Kf7 41. Rb7+ Be7 42. h6 Kf8 43. h7 1-0

[Event "Spring Server Series, S10523"]
[Site "CCLA"]
[Date "2021.05.22"]
[Round "?"]
[White "Jimenez, Jose"]
[Black "Van Tuyl, Mark"]
[Result "1/2-1/2"]
[WhiteElo "1118"]
[BlackElo "1234"]

1. e4 e5 2. Nf3 Nc6 3. Bc4 d6 4. Nc3 f6 5. O-O Be6 6. Bxe6 Nce7 7. d4 Ng6 
8. d5 Nf4 9. g3 Nxe6 10. dxe6 Qe7 11. Nb5 a6 12. Qd5 c6 13. Qxd6 Qxd6 14. 
Nxd6+ Bxd6 15. Rd1 O-O-O 16. g4 Nh6 17. h3 g5 18. Be3 Rhe8 19. c4 Rxe6 20.
 c5 Bc7 21. Rxd8+ Bxd8 22. Rd1 Nf7 23. b4 Kc7 24. a4 b5 25. axb5 axb5 26. 
Kg2 Re7 27. h4 Rd7 28. Rxd7+ Kxd7 29. h5 Ke6 30. Bd2 Nh6 31. Kg3 f5 32. 
Nxg5+ Bxg5 33. Bxg5 Nxg4 34. f3 Nf6 35. Bxf6 Kxf6 36. h6 1/2-1/2

[Event "Spring Server Series, S10523"]
[Site "CCLA"]
[Date "2021.05.22"]
[Round "?"]
[White "Jimenez, Jose"]
[Black "Czeizinger, Thomas"]
[Result "0-1"]
[WhiteElo "1118"]
[BlackElo "1321"]

1. e4 e5 2. Nf3 Nc6 3. Nc3 Nf6 4. Bc4 Nxe4 5. Nxe4 d5 6. Bd3 Nb4 7. Nxe5 
Nxd3+ 8. Ke2 Nxc1+ 9. Rxc1 dxe4 10. Kf1 Qd4 11. f4 Be6 12. b3 Ba3 13. c3 
Qd6 14. h3 f6 15. Nc4 Bxc4+ 16. Kg1 Bc5+ 17. d4 exd3+ 18. Kh2 Qxf4+ 19. g3
Qf2# 0-1

[Event "Spring Server Series, S10523"]
[Site "CCLA"]
[Date "2021.05.22"]
[Round "?"]
[White "Jimenez, Jose"]
[Black "Ritzmann, Andrew M."]
[Result "0-1"]
[WhiteElo "1118"]
[BlackElo "1203"]

1. e4 c6 2. Nc3 d5 3. Bd3 dxe4 4. Nxe4 e5 5. Nf3 Nf6 6. Nxe5 Be6 7. O-O 
Nxe4 8. Bxe4 Qd4 9. Nd3 Qxe4 10. f3 Qd4+ 11. Rf2 Bd6 12. g3 O-O 13. Nf4 
Bxf4 14. gxf4 Qxf4 15. d3 Qf6 16. Qe2 Nd7 17. c3 Bh3 18. Rg2 Bxg2 19. Qxg2
Rae8 20. Bg5 Qe5 21. d4 Qb5 22. b3 f6 23. c4 Qxg5 24. Qxg5 fxg5 25. d5 
cxd5 26. cxd5 Rxf3 27. Rf1 Rc3 0-1

[Event "Summer Server Series, S10524"]
[Site "CCLA"]
[Date "2021.08.21"]
[Round "?"]
[White "Shannon, Paul D."]
[Black "Evans, Stanley W."]
[Result "1-0"]
[WhiteElo "2127"]
[BlackElo "1896"]

1. e4 e5 2. Nf3 Nc6 3. d4 exd4 4. c3 d5 5. exd5 Qxd5 6. cxd4 Bg4 7. Be2 
Bb4+ 8. Nc3 Bxf3 9. Bxf3 Qc4 10. Bxc6+ bxc6 11. Qe2+ Qxe2+ 12. Kxe2 O-O-O 
13. Be3 Ne7 14. Rac1 Rhe8 15. a3 Ba5 16. Rhd1 Nf5 17. Kf3 Re6 18. g4 Nxe3 
19. fxe3 Rde8 20. Rd3 Bb6 21. b4 a5 22. Na4 axb4 23. axb4 Kb7 24. Nc5+ 
Bxc5 25. Rxc5 Rf6+ 26. Rf5 Rxf5+ 27. gxf5 Kb6 28. Kf4 Kb5 29. Rc3 Kxb4 30.
 Rxc6 Rc8 31. d5 Kb5 32. e4 h6 33. h4 1-0

[Event "Summer Server Series, S10524"]
[Site "CCLA"]
[Date "2021.08.21"]
[Round "?"]
[White "Evans, Stanley W."]
[Black "Shannon, Paul D."]
[Result "0-1"]
[WhiteElo "1896"]
[BlackElo "2127"]

1. e4 e6 2. d4 d5 3. Nc3 Nf6 4. Bg5 Bb4 5. e5 h6 6. Bd2 Bxc3 7. bxc3 Ne4 
8. Qg4 g6 9. Bd3 Nxd2 10. Kxd2 b6 11. h4 Ba6 12. Bxg6 fxg6 13. Qxg6+ Kd7 
14. Qg7+ Kc6 15. Qg6 Qg8 16. Qxg8 Rxg8 17. g3 Nd7 18. a4 Bc4 19. Nh3 a5 
20. Nf4 Rge8 21. h5 b5 22. axb5+ Bxb5 23. Rh4 a4 24. Rg4 Nf8 25. Ng2 a3 
26. Ne3 Re7 27. f4 Rf7 28. f5 exf5 29. Rf4 Ne6 30. Rxf5 Rxf5 31. Nxf5 Bc4 
32. g4 a2 33. Nxh6 Rb8 34. Kc1 Nf4 35. Nf5 Kd7 36. Ng3 Rg8 37. Kb2 Rxg4 
0-1

[Event "Summer Server Series, S10524"]
[Site "CCLA"]
[Date "2021.08.21"]
[Round "?"]
[White "Shannon, Paul D."]
[Black "Zarges, Ron V."]
[Result "1-0"]
[WhiteElo "2127"]
[BlackElo "1806"]

1. e4 c5 2. Nc3 e6 3. f4 d5 4. exd5 exd5 5. Bb5+ Nc6 6. Nf3 Nf6 7. O-O Be7
8. Ne5 Bd7 9. Bxc6 Bxc6 10. Nxc6 bxc6 11. d3 O-O 12. Ne2 Qb6 13. c4 Rad8 
14. Qc2 Rfe8 15. Ng3 Bf8 16. Bd2 Re6 17. f5 Ree8 18. Bg5 Rd6 19. Rae1 Qd8 
20. Nh5 Rxe1 21. Rxe1 d4 22. Qe2 h6 23. Nxf6+ gxf6 24. Bf4 Rd7 25. Qe8 Kg7
26. b3 Qa5 27. Bxh6+ 1-0

[Event "Summer Server Series, S10524"]
[Site "CCLA"]
[Date "2021.08.21"]
[Round "?"]
[White "Zarges, Ron V."]
[Black "Shannon, Paul D."]
[Result "1/2-1/2"]
[WhiteElo "1806"]
[BlackElo "2127"]

1. e4 e6 2. d4 d5 3. Nd2 Nc6 4. Ngf3 Nf6 5. e5 Nd7 6. Bd3 Nb4 7. Be2 c5 8.
 c3 Nc6 9. O-O cxd4 10. cxd4 f6 11. exf6 Nxf6 12. Re1 Bd6 13. Bd3 O-O 14. 
Nf1 Qb6 15. Rb1 Nb4 16. a3 Nxd3 17. Qxd3 Bd7 18. Ng3 Rac8 19. Be3 Rc7 20. 
Rec1 Rfc8 21. Ne5 Ba4 22. Rxc7 Rxc7 23. b3 Bb5 24. Qd2 a5 25. b4 axb4 26. 
axb4 Qa6 27. h3 Qa4 28. Qb2 Rc2 29. Qb3 Nd7 30. Qxa4 Bxa4 31. f4 Nb6 32. 
f5 exf5 33. Nxf5 Bxe5 34. dxe5 Nc4 35. Bf4 Kf7 36. e6+ Kf6 37. Nd4 Ra2 38.
 Re1 Be8 39. Bc7 Nd2 40. Bd8+ Kg6 41. Re5 Ra1+ 42. Kh2 Nf1+ 43. Kg1 Nd2+ 
44. Kh2 Nf1+ 1/2-1/2

[Event "Summer Server Series, S10524"]
[Site "CCLA"]
[Date "2021.08.21"]
[Round "?"]
[White "Shannon, Paul D."]
[Black "Strelecky, Rich"]
[Result "1-0"]
[WhiteElo "2127"]
[BlackElo "1826"]

1. e4 c5 2. Nc3 Nc6 3. f4 e6 4. Nf3 d5 5. Bb5 Ne7 6. d3 d4 7. Bxc6+ Nxc6 
8. Ne2 Be7 9. O-O O-O 10. Bd2 h6 11. Ng3 Re8 12. e5 b5 13. a4 b4 14. b3 
Bb7 15. Qe2 a5 16. Rae1 Kh8 17. Ne4 Qc7 18. g4 Rad8 19. Qg2 Rd5 20. Kf2 f6
21. exf6 Bxf6 22. Ke2 Qf7 23. Kd1 Kh7 24. Qh3 Qg6 25. g5 Be7 26. gxh6 Rh5 
27. Qg3 Qxg3 28. hxg3 gxh6 29. Rh1 Rxh1 30. Rxh1 Nd8 31. g4 Nf7 32. g5 
Bxe4 33. dxe4 Bd6 34. f5 exf5 35. exf5 Kg8 36. g6 Ne5 37. Nxe5 Bxe5 38. 
Bxh6 Bf6 39. Bf4 Rd8 40. Ke2 Rd5 41. Rh5 Rd7 42. Kd3 Bg7 43. Bg5 Rd5 44. 
Be7 Bf8 45. Bxf8 Kxf8 46. Rh8+ Kg7 47. Rh7+ Kg8 48. f6 Rf5 49. f7+ Kf8 50.
 Rh8+ Kg7 51. Rg8+ Kh6 52. f8=Q+ Rxf8 53. Rxf8 1-0

[Event "Summer Server Series, S10524"]
[Site "CCLA"]
[Date "2021.08.21"]
[Round "?"]
[White "Strelecky, Rich"]
[Black "Shannon, Paul D."]
[Result "0-1"]
[WhiteElo "1826"]
[BlackElo "2127"]

1. d4 e5 2. dxe5 Nc6 3. Nf3 Qe7 4. Qd5 f6 5. exf6 Nxf6 6. Qb3 d5 7. Bg5 d4
8. Nbd2 Bd7 9. Bxf6 Qxf6 10. Qd3 O-O-O 11. Ne4 Bb4+ 12. c3 dxc3 13. bxc3 
Ne5 14. Nxe5 Qxe5 15. Qc4 Ba5 16. f3 Be6 17. f4 Bxc4 18. fxe5 Rd4 19. Nd2 
Bxc3 20. O-O-O Bxa2 21. Kc2 Rxd2+ 22. Rxd2 Bxd2 23. Kxd2 Re8 24. e3 Rxe5 
25. Bd3 Bg8 26. Rf1 Re8 27. Rf5 c6 28. Ra5 Kb8 29. Rg5 g6 30. e4 b5 31. 
Rc5 Kb7 32. Ke3 Kb6 33. Rg5 a5 34. e5 a4 35. Kd2 b4 36. Rg4 c5 37. Re4 a3 
38. Kc1 Bd5 39. Re2 c4 40. Bc2 b3 41. Bb1 c3 42. Re1 a2 0-1

[Event "Summer Server Series, S10524"]
[Site "CCLA"]
[Date "2021.08.21"]
[Round "?"]
[White "Evans, Stanley W."]
[Black "Zarges, Ron V."]
[Result "1/2-1/2"]
[WhiteElo "1896"]
[BlackElo "1806"]

1. e4 c5 2. Nc3 e6 3. Nf3 a6 4. g3 b5 5. Bg2 Bb7 6. d3 d6 7. O-O Nf6 8. e5
dxe5 9. Nxe5 Bxg2 10. Kxg2 Bd6 11. Qf3 Ra7 12. Nc6 Nxc6 13. Qxc6+ Qd7 14. 
Qxd7+ Kxd7 15. h3 b4 16. Be3 bxc3 17. bxc3 Rb7 1/2-1/2

[Event "Summer Server Series, S10524"]
[Site "CCLA"]
[Date "2021.08.21"]
[Round "?"]
[White "Evans, Stanley W."]
[Black "Strelecky, Rich"]
[Result "0-1"]
[WhiteElo "1896"]
[BlackElo "1826"]

1. e4 c5 2. Nf3 d6 3. Nc3 Nf6 4. e5 dxe5 5. Nxe5 Nbd7 6. d4 Nxe5 7. dxe5 
Qxd1+ 8. Kxd1 Ng4 9. Ne4 Bf5 10. Bb5+ Kd8 11. Nxc5 Nxf2+ 12. Ke2 Nxh1 13. 
Bd3 Bg4+ 14. Kf1 b6 15. Ne4 e6 16. Be3 Bc5 17. Nxc5 bxc5 18. Bxc5 Rc8 19. 
Bxa7 Bf5 20. Rd1 Bxd3+ 21. Rxd3+ Ke7 22. c3 Rhd8 23. Bd4 Ra8 24. a3 Rdb8 
25. Rd2 Ke8 26. Kg1 Rxa3 27. g3 Ra1+ 28. Kg2 Rb1 29. b4 Rd8 30. Rc2 h5 31.
 h4 Rd5 32. Ra2 g6 33. Ra8+ Kd7 34. Ra7+ Ke8 35. Ra5 Rxa5 36. bxa5 Nxg3 
37. Kxg3 Ra1 38. Bb6 Ra4 39. Kh3 Kf8 40. Bc5+ Kg7 41. Bb4 Kh6 42. Be7 Rxa5
43. Bf8+ Kh7 44. Bd6 Rd5 45. c4 Rd3+ 46. Kg2 Rd4 47. Be7 Rxc4 48. Kf3 Kg7 
49. Bf6+ Kf8 50. Ke3 Ke8 51. Bg5 Kd7 52. Kd3 Rg4 0-1

[Event "Summer Server Series, S10524"]
[Site "CCLA"]
[Date "2021.08.21"]
[Round "?"]
[White "Zarges, Ron V."]
[Black "Evans, Stanley W."]
[Result "1/2-1/2"]
[WhiteElo "1806"]
[BlackElo "1896"]

1. e4 e5 2. Nf3 Nc6 3. Bb5 a6 4. Ba4 Nf6 5. O-O Be7 6. d4 exd4 7. e5 Ne4 
8. Nxd4 O-O 9. Re1 Nxd4 10. Qxd4 Nc5 11. Nc3 Nxa4 12. Qxa4 d5 13. exd6 
Qxd6 14. Bf4 Qc5 15. Qe4 Bd6 16. Bxd6 Qxd6 17. Rad1 Qb6 18. b4 c5 19. a3 
cxb4 20. axb4 Be6 21. Nd5 Bxd5 22. Rxd5 Qc6 23. Rdd1 Qxe4 24. Rxe4 Rfe8 
1/2-1/2

[Event "Summer Server Series, S10524"]
[Site "CCLA"]
[Date "2021.08.21"]
[Round "?"]
[White "Zarges, Ron V."]
[Black "Strelecky, Rich"]
[Result "1-0"]
[WhiteElo "1806"]
[BlackElo "1826"]

1. e4 d5 2. exd5 Nf6 3. Bb5+ Bd7 4. Be2 Nxd5 5. d4 e6 6. Nf3 h6 7. O-O Bd6
8. g3 O-O 9. c4 Nf6 10. c5 Be7 11. Nc3 b6 12. Ne5 bxc5 13. Be3 cxd4 14. 
Qxd4 Nc6 15. Nxc6 Bxc6 16. Qc4 Qd7 17. Rfc1 Rfb8 18. Rab1 Rb4 19. Qd3 Qxd3
20. Bxd3 Ng4 21. a3 Rb3 22. Bd2 Ne5 23. Be2 Bf3 24. Bf4 Bxe2 25. Bxe5 Bd3 
26. Ra1 Bd6 27. Bxd6 cxd6 28. Rd1 Bf5 29. Rxd6 Rxb2 30. Nd1 Rb1 31. Rxb1 
Bxb1 32. Ne3 e5 33. Kg2 Be4+ 34. f3 Bb7 35. Rd7 Bc8 36. Rd8+ Kh7 37. g4 f6
38. Nf5 Rb8 39. Kg3 e4 40. Nd6 Rb3 41. Rxc8 Rxf3+ 42. Kg2 Rf4 43. Ra8 
Rxg4+ 44. Kh3 Rg5 45. Rxa7 e3 46. Re7 Re5 47. Rxe5 fxe5 48. Kg2 Kg6 49. 
Kf3 e2 50. Kxe2 Kf6 51. a4 Ke6 52. Nc4 Kd5 53. a5 g5 54. Nxe5 Kc5 55. Kf3 
h5 56. Ke4 g4 57. Kf4 Kb5 58. Nc4 1-0

[Event "Summer Server Series, S10524"]
[Site "CCLA"]
[Date "2021.08.21"]
[Round "?"]
[White "Strelecky, Rich"]
[Black "Evans, Stanley W."]
[Result "1-0"]
[WhiteElo "1826"]
[BlackElo "1896"]

1. g3 e5 2. c4 d6 3. Nc3 Be7 4. Bg2 f5 5. Nf3 Nf6 6. d3 O-O 7. O-O Qe8 8. 
Bg5 h6 9. Bxf6 Bxf6 10. Nd5 Bd8 11. Re1 c6 12. Nc3 Be6 13. c5 Bc7 14. cxd6
Bxd6 15. d4 e4 16. Ne5 Nd7 17. Nxd7 Qxd7 18. d5 cxd5 19. Nxd5 Rac8 20. Nf4
Bxf4 21. Qxd7 Bxd7 22. gxf4 Rc2 23. b3 Bc6 24. e3 Rd8 25. Rec1 Rdd2 26. 
Rxc2 Rxc2 27. b4 Rb2 28. Bh3 g6 29. a3 Kf7 30. Rc1 Rb3 31. Ra1 Ke7 32. Bf1
a6 33. h4 h5 34. Ra2 Bd5 35. Ra1 b5 36. Kh2 Bc4 37. Bg2 Rb2 38. Kg3 Bd3 
39. Rc1 Rc2 40. Rxc2 Bxc2 41. f3 exf3 42. Bxf3 Be4 43. Bd1 Ke6 44. a4 bxa4
45. Bxa4 Bd3 46. Bb3+ Kf6 47. Kg2 Bb5 48. Kf2 Bd3 49. Ke1 Bb5 50. Kd2 Ke7 
51. Bd5 Bf1 52. Kc2 Bb5 53. Kc3 Bd7 54. Kd4 1-0

[Event "Summer Server Series, S10524"]
[Site "CCLA"]
[Date "2021.08.21"]
[Round "?"]
[White "Strelecky, Rich"]
[Black "Zarges, Ron V."]
[Result "1/2-1/2"]
[WhiteElo "1826"]
[BlackElo "1806"]

1. g3 d5 2. Nf3 Bg4 3. Bg2 Nd7 4. Nc3 e6 5. d4 Ngf6 6. h3 Bxf3 7. Bxf3 Be7
8. Bg5 c6 9. Qd2 Qc7 10. Bf4 Bd6 11. Bxd6 Qxd6 12. e4 Nxe4 13. Nxe4 dxe4 
14. Bxe4 Nf6 15. Bg2 Nd5 16. O-O-O O-O 17. Kb1 a5 18. Ka1 b5 19. a3 b4 20.
 Bxd5 cxd5 21. a4 Rfc8 22. b3 Qc7 23. Rc1 Qc3+ 24. Qxc3 Rxc3 25. Rhe1 Rac8
26. Kb2 Rf3 27. Re2 Kf8 28. Rf1 Rfc3 29. h4 Rf3 30. Re3 Rxe3 31. fxe3 Rc3 
32. Rf3 h5 33. Kc1 Ke7 34. Kd2 f5 35. Rf4 Kf6 36. Rf1 Kg6 37. Rg1 Kf6 38. 
Rf1 1/2-1/2